=LDR 00000nam 2200000 4500 =001 NUTBA000000000005549 =005 20141103104735.0 =006 =007 =008 =020 ##$$a 978-979-050-022-8 =035 ##$$a 0010-111400000000028 =040 ##$$a NBPDMAT =082 ##$$a 959.8 =090 ##$$a 959.8 $b Eko s =100 ##$$a Eko Praptanto =245 ##$$a Sejarah indonesia : $b Zaman orde lama / $c Eko Praptanto =250 ##$$a Cet.1 =260 ##$$a Jakarta : $b Bina Sumber Daya Mipa, $c 2010 =300 ##$$a 92 hlm. : $b ilus. ; $c 25 cm. =500 ##$$a Bibliografi : hlm. 90 =650 ##$$a Indonesia - Sejarah =850 ##$$a NBPDMAT